000 00601nam a2200217Ia 4500
005 20250326144534.0
008 250326s9999 xx 000 0 und d
020 _a1-58799-104-7
037 _aTextbook
040 _aFMSL
_beng
_cFMSL
041 _aeng
_2eng
084 _aX:8 P2
_qFMSL
100 _aKlebanoff Arthur M
_9749851
245 0 _aAgent : personalities politics and publishing
_cKlebanoff Arthur M
260 _aNY
_bNY, TEXERE
_c2001
300 _aviii,247
365 _b1357.5315000000001
650 _aManagement
942 _cTB
_hX:8 P2
999 _c1304093
_d1304093